01222nam a2200301Ia 4500001001200000003000800012006001900020007001500039008004100054020001500095040002100110035002100131050002600152082001400178100002300192245017500215260005600390300001400446533015200460650003500612650003300647650002900680655002900709700002200738710001700760856012600777999001700903ebr10071927CaPaEBRm u cr cn|||||||||050324s2000 dcu s 100 0 eng d z0309580021 aCaPaEBRcCaPaEBR a(OCoLC)61445503814aTK5105.5b.I58 2000eb04a004.62221 aO'Leary, Dianne P.14aThe interface of three areas of computer science with the mathematical sciencesh[electronic resource] :bsummary of a workshop /cDianne P. O'Leary and Scott T. Weidman. aWashington, D.C. :bNational Academy Press,cc2000. avi, 18 p. aElectronic reproduction.bPalo Alto, Calif. :cebrary,d2009.nAvailable via World Wide Web.nAccess may be limited to ebrary affiliated libraries. 0aComputer networksvCongresses. 0aComputer visionvCongresses. 0aData miningvCongresses. 7aElectronic books.2local1 aWeidman, Scott T.2 aebrary, Inc.40uhttp://site.ebrary.com/lib/rucke/Doc?id=10071927zAn electronic book accessible through the World Wide Web; click to view c33534d33534